Jeux de société par image - Statistiques

Statistiques générales
  • Ce quiz a été pris 53 fois
  • Le résultat moyen est 11 sur 24
Statistiques - réponses
Par images Réponse % Correct
Scrabble
94%
Uno
94%
Mille bornes
90%
Skyjo
88%
Jungle speed
85%
Trivial Pursuit
79%
Dobble
73%
Dixit
60%
Risk
60%
Carcassonne
52%
Go
50%
Splendor
48%
Flip 7
44%
Catan
42%
Mirogolo
35%
Dice forge
27%
Terraforming mars
25%
Take Time
23%
Zenith
17%
Magic maze
13%
Oriflamme
13%
Detective club
4%
Onitama
2%
Yuan
2%
Aucun quiz correspondant
Distribution des résultats
% des personnes avec chaque résultat
Percentile par nombre de réponses
Votre historique - résultats
Vous n’avez pas pris ce quiz